<?xml version="1.0" encoding="UTF-8"?>
<record
    xmlns:xsi="http://www.w3.org/2001/XMLSchema-instance"
    xsi:schemaLocation="http://www.loc.gov/MARC21/slim http://www.loc.gov/standards/marcxml/schema/MARC21slim.xsd"
    xmlns="http://www.loc.gov/MARC21/slim">

  <leader>02924nam a2200385 i 4500</leader>
  <controlfield tag="003">DO-SdBNP</controlfield>
  <controlfield tag="005">20250219074028.0</controlfield>
  <controlfield tag="007">ta</controlfield>
  <controlfield tag="008">220512e2021    dr ||||gr|||| 001 edspa d</controlfield>
  <datafield tag="020" ind1=" " ind2=" ">
    <subfield code="a">9789945613940</subfield>
  </datafield>
  <datafield tag="040" ind1=" " ind2=" ">
    <subfield code="a">DO-SdBNP</subfield>
    <subfield code="b">spa</subfield>
    <subfield code="c">BNPHU</subfield>
    <subfield code="e">rda</subfield>
  </datafield>
  <datafield tag="041" ind1=" " ind2=" ">
    <subfield code="a">spa</subfield>
  </datafield>
  <datafield tag="082" ind1=" " ind2="4">
    <subfield code="a">972.9305</subfield>
    <subfield code="b">L296e </subfield>
    <subfield code="2">22</subfield>
  </datafield>
  <datafield tag="100" ind1="1" ind2=" ">
    <subfield code="a">Lantigua, Jos&#xE9; Rafael,</subfield>
    <subfield code="4">aut. </subfield>
    <subfield code="e">autor</subfield>
    <subfield code="9">85376</subfield>
  </datafield>
  <datafield tag="245" ind1="1" ind2="0">
    <subfield code="a">Enseres y tramoyas :</subfield>
    <subfield code="b">cr&#xF3;nica con historia  /</subfield>
    <subfield code="c">Jos&#xE9; Rafael Lantigua ; editor, Isael P&#xE9;rez.</subfield>
  </datafield>
  <datafield tag="250" ind1=" " ind2=" ">
    <subfield code="a">Primera edici&#xF3;n </subfield>
  </datafield>
  <datafield tag="264" ind1=" " ind2="4">
    <subfield code="a">Santo Domingo, R. D. :</subfield>
    <subfield code="b">Archivo General de la Naci&#xF3;n,</subfield>
    <subfield code="c">&#xA9;2021.</subfield>
  </datafield>
  <datafield tag="300" ind1=" " ind2=" ">
    <subfield code="a">512 p&#xE1;ginas ;</subfield>
    <subfield code="c">23 cm.</subfield>
  </datafield>
  <datafield tag="336" ind1=" " ind2=" ">
    <subfield code="a">texto</subfield>
    <subfield code="b">txt</subfield>
    <subfield code="2">rdacontent </subfield>
  </datafield>
  <datafield tag="337" ind1=" " ind2=" ">
    <subfield code="a">sin mediaci&#xF3;n</subfield>
    <subfield code="b">n</subfield>
    <subfield code="2">rdamedia</subfield>
  </datafield>
  <datafield tag="338" ind1=" " ind2=" ">
    <subfield code="a">rdacarrier</subfield>
    <subfield code="b">volumen</subfield>
    <subfield code="2">nc</subfield>
  </datafield>
  <datafield tag="490" ind1="0" ind2=" ">
    <subfield code="a">Archivo General de la Naci&#xF3;n ;</subfield>
    <subfield code="v">418</subfield>
  </datafield>
  <datafield tag="500" ind1=" " ind2=" ">
    <subfield code="a">Incluye datos biogr&#xE1;ficos del autor en la solapa de la cubierta.</subfield>
  </datafield>
  <datafield tag="500" ind1=" " ind2=" ">
    <subfield code="a">Incluye gu&#xED;a de lectura.</subfield>
  </datafield>
  <datafield tag="504" ind1=" " ind2=" ">
    <subfield code="a">Bibliograf&#xED;a : p. 479- 507.</subfield>
  </datafield>
  <datafield tag="505" ind1="0" ind2=" ">
    <subfield code="a">Enseres dom&#xE9;sticos.--</subfield>
    <subfield code="t">Cr&#xF3;nicas en peque&#xF1;o.--</subfield>
    <subfield code="t">Tramoyas tramadas.--</subfield>
    <subfield code="t">Gu&#xED;a de lectua.--</subfield>
  </datafield>
  <datafield tag="505" ind1="0" ind2=" ">
    <subfield code="a">Una  recopilaci&#xF3;n de art&#xED;culos sobre diversos temas como historia dominicana, literatura, pol&#xED;tica, cultura, Hait&#xED;, Cuba, entre otros. Jos&#xE9;&#x301; Rafael Lantigua (1949) fue Ministro de Cultura de la Rep&#xFA;blica Dominicana y Comisionado de la Feria Internacional del Libro de Santo Domingo de 2004 a 2012.LantiguaHa sido galardonado con numerosos premios literarios y culturales, entre ellos Premio Nacional de Periodismo, categor&#xED;a Patrimonio Cultural (Club de Prensa Extranjera, 1989), Premio Nacional de Ensayo, Centenario de Duarte (1977), Caonabo de Oro (Asociaci&#xF3;n Dominicana de Periodistas y Escritores, 2000). ), Premio Pro-Cultura (Ateneo Amantes de la Luz, Santiago de los Caballeros, 2003), Premio Narciso Gonz&#xE1;lez al Intelectual del A&#xF1;o (Taller literario Virgilio D&#xED;az Grull&#xF3;n y Casa de Arte, Santiago de los Caballeros, 2003), Premio de la Academia (Academia Dominicana de la Lengua, 2003), entre otros. Ha publicado numerosos libros y art&#xED;culos entre los que destacan: Domingo Moreno Jimenes, biograf&#xED;a de un poeta (1976), La conjura del tiempo, memorias del hombre dominicano (1994), La conducta literaria: el discurso fundacional (2008), Cr&#xF3;nica de arte o el arte de la inducci&#xF3;n cultural (2009), Venir con cuentos: muestrario del cuento dominicano (2012), y La palabra para ser dicha (2012), Espacios y resonancias (2016), Un encuentro con el comandante (2016), Iniciaci&#xF3;n de la tarde (2021) entre muchos otros.</subfield>
  </datafield>
  <datafield tag="590" ind1=" " ind2=" ">
    <subfield code="a">Inventariado 2022 / MF</subfield>
  </datafield>
  <datafield tag="651" ind1=" " ind2="0">
    <subfield code="a">Rep&#xFA;blica Dominicana</subfield>
    <subfield code="x">Civilizaci&#xF3;n</subfield>
    <subfield code="y">Siglo XXI</subfield>
    <subfield code="9">81297</subfield>
  </datafield>
  <datafield tag="651" ind1=" " ind2="0">
    <subfield code="a">Rep&#xFA;blica Dominicana</subfield>
    <subfield code="x">Pol&#xED;tica y gobierno</subfield>
    <subfield code="y">1961-</subfield>
    <subfield code="9">204</subfield>
  </datafield>
  <datafield tag="700" ind1="1" ind2=" ">
    <subfield code="a">P&#xE9;rez, Isael,</subfield>
    <subfield code="d">1961-</subfield>
    <subfield code="e">ed.</subfield>
    <subfield code="9">1414</subfield>
  </datafield>
  <datafield tag="710" ind1="2" ind2=" ">
    <subfield code="a">Archivo General de la Naci&#xF3;n (Rep&#xFA;blica Dominicana)</subfield>
    <subfield code="9">85400</subfield>
  </datafield>
  <datafield tag="910" ind1=" " ind2=" ">
    <subfield code="a">MFeliz/Validado. Control de calidad MFF</subfield>
  </datafield>
  <datafield tag="942" ind1=" " ind2=" ">
    <subfield code="2">ddc</subfield>
    <subfield code="c">LBS1</subfield>
  </datafield>
  <datafield tag="952" ind1=" " ind2=" ">
    <subfield code="0">0</subfield>
    <subfield code="1">0</subfield>
    <subfield code="2">ddc</subfield>
    <subfield code="5">1</subfield>
    <subfield code="7">0</subfield>
    <subfield code="8">PD</subfield>
    <subfield code="a">BNPHU</subfield>
    <subfield code="b">BNPHU</subfield>
    <subfield code="c">HD</subfield>
    <subfield code="d">2022-03-30</subfield>
    <subfield code="e">Dep&#xF3;sito legal </subfield>
    <subfield code="o">BNPHU PD 972.9305 L296e </subfield>
    <subfield code="p">2022-2028</subfield>
    <subfield code="r">2022-05-12</subfield>
    <subfield code="w">2022-05-12</subfield>
    <subfield code="y">LBS1</subfield>
  </datafield>
  <datafield tag="952" ind1=" " ind2=" ">
    <subfield code="0">0</subfield>
    <subfield code="1">0</subfield>
    <subfield code="2">ddc</subfield>
    <subfield code="5">1</subfield>
    <subfield code="7">0</subfield>
    <subfield code="8">PD</subfield>
    <subfield code="a">BNPHU</subfield>
    <subfield code="b">BNPHU</subfield>
    <subfield code="c">HD</subfield>
    <subfield code="d">2022-03-30</subfield>
    <subfield code="e">Dep&#xF3;sito legal </subfield>
    <subfield code="o">BNPHU PD 972.9305 L296e </subfield>
    <subfield code="p">2022-2029</subfield>
    <subfield code="r">2022-05-12</subfield>
    <subfield code="t">e.2</subfield>
    <subfield code="w">2022-05-12</subfield>
    <subfield code="y">LBS1</subfield>
  </datafield>
  <datafield tag="952" ind1=" " ind2=" ">
    <subfield code="0">0</subfield>
    <subfield code="1">0</subfield>
    <subfield code="2">ddc</subfield>
    <subfield code="5">6</subfield>
    <subfield code="7">0</subfield>
    <subfield code="8">DS</subfield>
    <subfield code="a">BNPHU</subfield>
    <subfield code="b">BNPHU</subfield>
    <subfield code="c">HD</subfield>
    <subfield code="d">2022-03-30</subfield>
    <subfield code="e">Dep&#xF3;sito legal </subfield>
    <subfield code="o">BNPHU DS 972.9305 L296e </subfield>
    <subfield code="p">2022-2030</subfield>
    <subfield code="r">2022-05-12</subfield>
    <subfield code="t">e.3</subfield>
    <subfield code="w">2022-05-12</subfield>
    <subfield code="y">LBS1</subfield>
  </datafield>
  <datafield tag="952" ind1=" " ind2=" ">
    <subfield code="0">0</subfield>
    <subfield code="1">0</subfield>
    <subfield code="2">ddc</subfield>
    <subfield code="5">6</subfield>
    <subfield code="7">0</subfield>
    <subfield code="8">DS</subfield>
    <subfield code="a">BNPHU</subfield>
    <subfield code="b">BNPHU</subfield>
    <subfield code="c">HD</subfield>
    <subfield code="d">2022-07-07</subfield>
    <subfield code="e">Donaci&#xF3;n</subfield>
    <subfield code="l">0</subfield>
    <subfield code="o">BNPHU DS 972.9305 L296e </subfield>
    <subfield code="p">2022-3376</subfield>
    <subfield code="r">2022-07-07</subfield>
    <subfield code="t">e.4</subfield>
    <subfield code="w">2022-07-07</subfield>
    <subfield code="y">LBS1</subfield>
    <subfield code="z">Donado por Frank Moya Pons</subfield>
  </datafield>
  <datafield tag="952" ind1=" " ind2=" ">
    <subfield code="0">0</subfield>
    <subfield code="1">0</subfield>
    <subfield code="2">ddc</subfield>
    <subfield code="5">6</subfield>
    <subfield code="7">0</subfield>
    <subfield code="8">DS</subfield>
    <subfield code="a">BNPHU</subfield>
    <subfield code="b">BNPHU</subfield>
    <subfield code="c">HD</subfield>
    <subfield code="d">2022-07-07</subfield>
    <subfield code="e">Donaci&#xF3;n</subfield>
    <subfield code="o">BNPHU DS 972.9305 L296e </subfield>
    <subfield code="p">2022-3377</subfield>
    <subfield code="r">2022-07-07</subfield>
    <subfield code="t">e.5</subfield>
    <subfield code="w">2022-07-07</subfield>
    <subfield code="y">LBS1</subfield>
    <subfield code="z">Donado por Frank Moya Pons</subfield>
  </datafield>
  <datafield tag="999" ind1=" " ind2=" ">
    <subfield code="c">51707</subfield>
    <subfield code="d">51707</subfield>
  </datafield>
</record>
